000 01045nmc a2200337 a 4500
003 AR-BaBNM
005 20251128205129.0
008 046119s1985 ||||||||||||||000 | spa||
020 _a968-16-1938-2
040 _cAR-BaBNM
100 1 _aSid-Ahmed, Abdelkader
245 1 0 _aNorte-Sur
_blos grandes desafíos : teoría y práctica del nuevo orden económico internacional
250 _a1ª ed.
260 _aMéxico, D.F.
_bFondo de Cultura Económica
_c1985
300 0 _a316 p.
_btablas
490 0 _aSección de obras de economía
500 0 _aAnexos p. 301-312
610 2 4 _aComisión Trilateral
610 2 4 _aForo del Tercer Mundo
610 2 4 _aConferencia Norte-Sur
650 4 _aECONOMIA
650 4 _aPOLITICA ECONOMICA
650 4 _aSISTEMAS ECONOMICOS INTERNACIONALES
650 4 _aRELACIONES INTERNACIONALES
650 4 _aORGANIZACIONES INTERNACIONALES
650 4 _aDESARROLLO ECONOMICO Y SOCIAL
653 _aGLOBALIZACION
700 1 _aHermida Calvo, Elba
_etraductor
942 _cBK
998 _cEnrique
999 _c10115
_d10115